000 00921nam a22002537a 4500
005 20170124103042.0
010 _aB-030505
020 _c400.00
_a8170434785
035 _aB-030505
037 _bCen Lib/Ret
040 _aDPL
_bHN
082 _a
_bओमशि
100 _aओम शिवराज
_957762
245 _aमहासंग्राम /
_cओम शिवराज
246 _aMahasangram /
_bby Om Shivraj
260 _aदिल्ली
_bआत्माराम एंड संस
_c2001
270 _aकश्मीरी गेट
_bदिल्ली
_e110006
300 _a406पृ.
_c20सेमी(सजिल्द)
650 _aहिन्दी साहित्य
_967618
650 _aहिन्दी -- उपन्यास
_967619
650 _aHindi literature
_967620
650 _aHindi -- Fiction
_927248
942 _2ddc
_cHN
_h
_mओमशि
999 _c116658
_d116658